000 00978nam a22003017a 4500
001 BR0504252
003 BR-BrBNA
005 20230928102013.0
007 ta
008 230509b bl.||||| |||| 00| 0 por d
040 _aBR-BrBNA
_bpor
_cBiblioteca Nacional de Agricultura
041 _a(Por)
072 _aF30
_b0120
090 _ 0120 BR0504252
100 1 _aAmorim, E.P.
110 1 _aUniversidade Federal de Lavras, MG (Brasil)
_0Tese (Doutorado)
245 1 _aProdutividade de híbridos de milho, derivados de populações So, e associação com distância genética baseada em microssatélites
260 3 _aLavras, MG (Brasil):
_c2005.
300 _a97 p.
500 _aSummaries (Eng, Por); Bibliography p. 73-85; 15 tables; 8 illus.
650 _aMILHO
650 _aGENÉTICA MOLECULAR
650 _aVIGOR HÍBRIDO
650 _aMARCADOR MOLECULAR
650 _aMELHORAMENTO GENÉTICO VEGETAL
909 _a202309
_bLucia
_c55
_dLucia Elande
942 _cBK
999 _c68655
_d68655